[Event "Eastern Asia-ch U16"]
[Site "Tornelo INT"]
[Date "2021.10.31"]
[Round "9"]
[White "Tavazoh, Amirparsa"]
[Black "Darini, Iliya"]
[Result "0-1"]
[WhiteElo "1569"]
[BlackElo "1730"]
[PlyCount "110"]
[EventDate "2021.10.29"]
[EventType "swiss"]
[EventRounds "9"]
[EventCountry "NET"]
[SourceTitle "CBM 205 Extra"]
[Source "ChessBase"]
[SourceDate "2022.01.31"]
[SourceVersion "1"]
[SourceVersionDate "2022.01.31"]
[SourceQuality "1"]

1. Nf3 Nf6 2. g3 g6 3. Bg2 Bg7 4. 0-0 0-0 5. d4 c5 6. c4 cxd4 7. Nxd4 Nc6 8. Nc3 Qa5 9. Nb3 Qh5 10. c5 b6 11. cxb6 axb6 12. e4 Ba6 13. Qxh5 Nxh5 14. Rd1 d6 15. Be3 Ne5 16. Nd5 Nc4 17. Nxe7+ Kh8 18. Bd4 Nxb2 19. Bxg7+ Nxg7 20. Rxd6 Nc4 21. Rdd1 Ne6 22. Nd5 b5 23. e5 Bb7 24. Nc3 Bxg2 25. Kxg2 Rfb8 26. Rd5 b4 27. Ne4 Kg7 28. Ned2 Na3 29. Ra5 Rxa5 30. Nxa5 Rc8 31. Nf3 Rc2 32. Rb1 Nxb1 33. Nb3 Rxa2 34. Nc1 Rc2 35. Nb3 Nc3 36. Nbd4 Nxd4 37. Nxd4 Rd2 38. Nb3 Rb2 39. Nd4 Nd1 40. e6 Rxf2+ 41. Kh3 fxe6 42. Nxe6+ Kg8 43. Nd4 Rb2 44. Nf3 b3 45. Ng5 Rxh2+ 46. Kg4 b2 47. Nxh7 b1Q 48. Nf6+ Kf7 49. Ne4 Qxe4+ 50. Kg5 Ne3 51. g4 Rg2 52. Kh6 Kf6 53. Kh7 Qe7+ 54. Kg8 Qe8+ 55. Kh7 Rh2# 0-1